Loading...
| Science - Physics | 0 | 8 | 1 | 1 | 75 | 28 | 43.50 | 3 | 8 |
| Science - Other Science | 0 | 5 | 2 | 0 | 40 | 18 | 44.60 | 2 | 4 |
| Science - Biology | 0 | 4 | 2 | 0 | 30 | 40 | 76.25 | 0 | 2 |
| Literature - World Literature | 0 | 3 | 0 | 1 | 30 | 69 | 88.00 | 0 | 1 |
| Mythology | 0 | 3 | 1 | 1 | 25 | 68 | 96.00 | 0 | 1 |
| Literature - European Literature | 0 | 3 | 1 | 0 | 25 | 61 | 87.67 | 0 | 2 |
| History - Other History | 0 | 3 | 1 | 3 | 25 | 93 | 98.67 | 0 | 1 |
| Literature - British Literature | 0 | 2 | 0 | 0 | 20 | 60 | 80.50 | 0 | 2 |
| Religion | 0 | 2 | 1 | 0 | 15 | 112 | 118.00 | 0 | 0 |
| Social Science | 0 | 1 | 0 | 0 | 10 | 102 | 102.00 | 0 | 1 |
| Geography | 0 | 1 | 0 | 0 | 10 | 107 | 107.00 | 0 | 0 |
| History - American History | 0 | 1 | 0 | 1 | 10 | 102 | 102.00 | 0 | 0 |
| History - European History | 0 | 1 | 0 | 0 | 10 | 107 | 107.00 | 0 | 0 |
| Painting/Sculpture | 0 | 1 | 0 | 0 | 10 | 92 | 92.00 | 0 | 0 |
| Philosophy | 0 | 1 | 0 | 0 | 10 | 119 | 119.00 | 0 | 0 |
| Pop Culture | 0 | 1 | 0 | 0 | 10 | 56 | 56.00 | 0 | 1 |
| Science - Chemistry | 0 | 2 | 2 | 0 | 10 | 35 | 42.50 | 0 | 2 |
| Fine Arts - Other Fine Arts | 0 | 0 | 0 | 0 | 0 | 0.00 | 0 | 0 |